General systems bulletin

Uložené v:
Podrobná bibliografia
Médium: Seriál
Jazyk:English
Vydavateľské údaje: Washington Society for General Systems Research 1977
Tagy: Pridať tag
Žiadne tagy, Buďte prvý, kto otaguje tento záznam!

MARC

LEADER 00000nas2a2200000 4500
001 0013274
005 20250730114315.3
041 0 |a eng 
044 |a US 
245 1 0 |a General systems bulletin 
264 1 |a Washington  |b Society for General Systems Research  |c 1977 
300 |a 1 zv. 
773 0 |w eu_un_cat*s120717